000 00316nam a2200157Ia 4500
008 210210b xxu||||| |||| 00| 0 eng d
041 _aeng
082 _a444/212
100 _aREGNARD (J F)
245 _aLe joueur
260 _a-
_b-
_c
650 _aLe
650 _ajoueur
690 _aFrench
906 _a006407
999 _c129428
_d129428